'S' Olympic Host Cities Quiz Stats

 Plays Quiz Updated Nov 11, 2016

Challenge
Share
Tweet
Embed
Score 0/10 Timer 03:00
11 Plays Today
Year City % Correct
2000 - AustraliaSydney
95.2%
1988 - South KoreaSeoul
93.3%
1912 - SwedenStockholm
87.7%
2002 - United StatesSalt Lake City
84.2%
1984 - YugoslaviaSarajevo
73.3%
1904 - United StatesSt. Louis
64.1%
2014 - RussiaSochi
49.6%
1972 - JapanSapporo
49.3%
1928, 1948 - SwitzerlandSt. Moritz
43%
1960 - United StatesSquaw Valley
35.6%

You're not logged in!

Compare scores with friends on all Sporcle quizzes.
OR
Log In

You Might Also Like...

Show Comments

Extras

Top Quizzes Today


Score Distribution

Your Account Isn't Verified!

In order to create a playlist on Sporcle, you need to verify the email address you used during registration. Go to your Sporcle Settings to finish the process.

Report this User

Report this user for behavior that violates our Community Guidelines.

Details: